LEADER 01390nam a2200301 u 4500 001 000000039469 003 CaOOAMICUS 005 20070226114007.0 008 980514s1982 mau u000 u eng u 020 $a0815804075 035 $a10794444 040 $aPUL(R)$bita 100 1 $aCostanzo, Joseph F.$0(OLS)http://pul/name/29357 245 10$aPolitical and legal studies /$cby Joseph F. Costanzo, S.J. 260 $aWest Hanover :$bThe Christopher Publishing House,$c1982. 300 $a2 v. ;$c23 cm 504 $aBibliografia p. 456-466. 505 0 $av. 1. Politeia -- v. 2. Studies in american constitutional law. 650 4$aDiritto costituzionale$zStati Uniti$xCritica e interpretazione.$0(OLS)http://pul/subject/9081 850 $aPUL 852 $aPUL$W1$xSL Diritto e Scienze Sociali 1$y4$m176 G 4-5$j53715$nBK-PRI$b $qStampati$B53715$CPULBib$Z2$F53715 $H $81 852 $aPUL$W1$xSL Diritto e Scienze Sociali 1$y4$m176 G 4-5$j53715$nBK-PRI$b $qStampati$B53716$CPULBib$Z2$F53716 $H $81 941 1 $a8 961 $aINV: 49781, 49782 961 $aINV: 49781, 49782 996 $6020$a0815804075$9(OLS)http://pul/number/49126 996 $6245$aPolitical and legal studies$9(OLS)http://pul/title/53423 996 $6260$aWest Hanover :$bThe Christopher Publishing House$9(OLS)http://pul/publisher/64035 LEADER 01174nam a2200265 a 4500 001 000000151338 003 CaOOAMICUS 005 20160418153747.0 008 160418n it u000 u ita u 032 $aLibriCat 040 $aPUL$bita 100 1 $aComenius, Johann Amos,$d1592-1670.$0(OLS)http://pul/name/9406 245 10$aDidattica magna /$cG. Amos Comenius; tradotta da Vincenzo Gualtieri nell'edizione critica del Hultgren, condotta sulla stampa originale di Amsterdam ; con introduzione di Giuseppe Lombardo Radice. 250 $a2. ed. 260 $aFirenze :$bSandron,$cs.d. 300 $aXXIII, 382 p. ;$c19 cm. 490 1 $aPedagogisti ed educatori antichi e moderni 650 4$aInsegnamento.$0(OLS)http://pul/subject/1726 830 0$aPedagogisti ed educatori antichi e moderni.$0(OLS)http://pul/title/93466 850 $aPUL 852 $aPUL$W1$xDP1 Cons. Gen., Altre Classi 1$y22$m921 C 20$j173791$qStampati$B176229$CPULBib$Z2$F176229 $H13161 $81 941 1 $a8 996 $6245$aDidattica magna$9(OLS)http://pul/title/190573 996 $6260$aFirenze :$bSandron$9(OLS)http://pul/publisher/73324